| 000 | 00556nam a22001817a 4500 | ||
|---|---|---|---|
| 005 | 20180831154557.0 | ||
| 010 | _aENG-123911 | ||
| 020 |
_c195.00 _a9788180482366 |
||
| 035 | _aEN-107443 | ||
| 037 | _bDBAD/PUB | ||
| 082 | _a133.5 | ||
| 100 | _aBansal, Mamta | ||
| 245 |
_aBeginner's mannual of astrology / _cby Mamta Bansal |
||
| 260 |
_c2013 _aChandigarh _bArun Publishing House Pvt. Ltd. |
||
| 270 |
_aSCO 49-51,Sector 17C, _bChandigarh _e160017 |
||
| 300 |
_c21cm.(pbk.) _a224p. _bill.(pictures) |
||
| 942 |
_cEN _2ddc _mBAN _h133.5 |
||
| 999 |
_c156665 _d156665 |
||